000 00359nam a2200133Ia 4500
005 20260328104326.0
008 260328s9999||||xx |||||||||||||| ||und||
100 _aKlanten, Robert
245 0 _aSmall Homes Grand Living :
_bInterior Design for Compact Spaces /
_cRobert Klanten
260 _bGestalten
300 _a256 p.
650 _aVIVIENDA
942 _cBK
999 _c11526
_d11526